Statystyki dla Warszawska Szybka Kolej Miejska - linia S1 (przystanki)

Kliknij tutaj aby rozwiązać quiz!

Ogólne statystyki

  • Ten quiz został rozwiązany 37 razy
  • Średni wynik to 19 z 23

Statystyki odpowiedzi

Numer przystankuNazwa przystanku% Poprawnych
1.Otwock
100%
17.Warszawa Ochota
96%
15.Warszawa Powiśle
96%
16.Warszawa Śródmieście
96%
14.Warszawa Stadion
96%
18.Warszawa Zachodnia
96%
23.Pruszków
93%
13.Warszawa Wschodnia
93%
3.Józefów
85%
9.Warszawa Anin
85%
20.Warszawa Ursus
85%
19.Warszawa Włochy
81%
22.Piastów
78%
5.Warszawa Falenica
78%
21.Warszawa Ursus-Niedźwiadek
78%
10.Warszawa Wawer
78%
11.Warszawa Gocławek
74%
8.Warszawa Międzylesie
74%
12.Warszawa Olszynka Grochowska
74%
2.Otwock Świder
70%
7.Warszawa Radość
70%
4.Michalin
67%
6.Warszawa Miedzeszyn
67%

Rozkład punktacji

Percentyl według liczby udzielonych odpowiedzi

Procent ludzi z każdym wynikiem

Twoja historia wyników

Nie rozwiązałeś tego quizu